Cantos da torcida do Flamengo (#19) - Statistics

Estatísticas Gerais
  • Esse quiz foi jogado 40 vezes
    36 desde o último reset
  • A pontuação média é 26 de 36
Estatísticas das Respostas
Resposta % Correto
Acima
100%
de
100%
tudo,
100%
rubro-negro
97%
Amor
85%
igual
85%
maior,
85%
não
85%
tem
85%
apoiar
82%
até
82%
Eu
82%
final
82%
juro
82%
momento
82%
no
82%
o
82%
pior
82%
Que
82%
te
82%
Vou
82%
Dale
58%
dale
58%
Dale
58%
dale
58%
amor
55%
com
55%
com
55%
E
55%
Flamengo
55%
muito
55%
muito
55%
orgulho
55%
Sou
55%
Flamengo
52%
Flamengo
48%
Nenhum quiz correspondente encontrado
Distribuição das Pontuações
Porcentagem de Pessoas com Cada Pontuação
Percentil de Números Respondidos
Sua Pontuação Histórica
Você não jogou esse quiz desde o último reset